[Event "Treviso U2100 op"]
[Site "Treviso"]
[Date "2005.12.04"]
[Round "3.26"]
[White "Morello, Franco"]
[Black "Ravani, Giampaolo"]
[Result "0-1"]
[WhiteElo "1493"]
[BlackElo "1440"]
[PlyCount "48"]
[EventDate "2005.12.03"]
[EventType "swiss"]
[EventRounds "5"]
[EventCountry "ITA"]
[SourceTitle "EXT 2024"]
[Source "ChessBase"]
[SourceDate "2023.10.10"]
[SourceVersion "1"]
[SourceVersionDate "2023.10.10"]
[SourceQuality "1"]

1. e4 e5 2. Nf3 Nc6 3. Bc4 d6 4. c3 a6 5. d4 Bg4 6. d5 Na5 7. Be2 b5 8. 0-0 Be7 9. Nbd2 Nf6 10. h3 Bd7 11. b4 Nc4 12. Nxc4 bxc4 13. Bg5 Nxe4 14. Bxe7 Qxe7 15. Qc2 Ng5 16. Nxg5 Qxg5 17. g4 Qf4 18. Qc1 Qe4 19. Qd1 h5 20. Bf3 Qg6 21. Qb1 Bf5 22. Qe1 hxg4 23. hxg4 Bxg4 24. Qe4 Bf5+ 0-1